Welcome to CU Library Online Public Access Catalogue (OPAC)

Strategic Orientation & Business Performance: (Record no. 4004)

MARC details
000 -LEADER
fixed length control field 00484nam a22001577a 4500
005 - DATE AND TIME OF LATEST TRANSACTION
control field 20250220202851.0
008 - FIXED-LENGTH DATA ELEMENTS--GENERAL INFORMATION
fixed length control field 250220b |||||||| |||| 00| 0 eng d
020 ## - INTERNATIONAL STANDARD BOOK NUMBER
International Standard Book Number 9988809751
050 ## - LIBRARY OF CONGRESS CALL NUMBER
Classification number HD30.28
Item number .S73369 APP
100 ## - MAIN ENTRY--PERSONAL NAME
Personal name Appiah-Adu Kwaku
245 ## - TITLE STATEMENT
Title Strategic Orientation & Business Performance:
Remainder of title A collection of research publications/
Statement of responsibility, etc. Kwaku Appiah-Adu
260 ## - PUBLICATION, DISTRIBUTION, ETC.
Place of publication, distribution, etc. Accra
Name of publisher, distributor, etc. GPL Press
Date of publication, distribution, etc. 2004
300 ## - PHYSICAL DESCRIPTION
Extent xi. 213p.
Other physical details ill.
Dimensions 21 cm
650 ## - SUBJECT ADDED ENTRY--TOPICAL TERM
Source of heading or term Management
942 ## - ADDED ENTRY ELEMENTS (KOHA)
Source of classification or shelving scheme Library of Congress Classification
Koha item type Books
Suppress in OPAC No
999 ## -
-- 4004
-- 4004
Holdings
Withdrawn status Lost status Source of classification or shelving scheme Damaged status Not for loan Collection Home library Current library Shelving location Date acquired Total checkouts Full call number Barcode Date last seen Copy number Price effective from Koha item type
    Library of Congress Classification     Non-fiction Business Library (Miotso) Business Library (Miotso) General stacks 02/20/2025   HD30.28 .S73369 APP BSSM00000873 02/20/2025 1 02/20/2025 Books
    Library of Congress Classification     Non-fiction Business Library (Miotso) Business Library (Miotso) General stacks 02/20/2025   HD30.28 .S73369 APP BSSM00000874 02/20/2025 2 02/20/2025 Books
    Library of Congress Classification     Non-fiction Business Library (Miotso) Business Library (Miotso) General stacks 02/20/2025   HD30.28 .S73369 APP BSSM00000875 02/20/2025 3 02/20/2025 Books
    Library of Congress Classification     Non-fiction Graduate Library (Christ Temple) Graduate Library (Christ Temple) General stacks 04/11/2025   HD 30.28.S73369 APP GSCT00001002 04/11/2025 1 04/11/2025 Books
    Library of Congress Classification     Non-fiction Graduate Library (Christ Temple) Graduate Library (Christ Temple) General stacks 04/11/2025   HD 30.28.S73369 APP GSCT00001003 04/11/2025 2 04/11/2025 Books
    Library of Congress Classification     Non-fiction Graduate Library (Christ Temple) Graduate Library (Christ Temple) General stacks 04/11/2025   HD 30.28.S73369 APP GSCT00001004 04/11/2025 3 04/11/2025 Books
    Library of Congress Classification     Non-fiction Graduate Library (Christ Temple) Graduate Library (Christ Temple) General stacks 04/11/2025   HD 30.28.S73369 APP GSCT00001005 04/11/2025 4 04/11/2025 Books
    Library of Congress Classification     Non-fiction Graduate Library (Christ Temple) Graduate Library (Christ Temple) General stacks 04/11/2025   HD 30.28.S73369 APP GSCT00001006 04/11/2025 5 04/11/2025 Books
    Library of Congress Classification     Non-fiction Graduate Library (Christ Temple) Graduate Library (Christ Temple) General stacks 04/11/2025   HD 30.28.S73369 APP GSCT00001007 04/11/2025 6 04/11/2025 Books
© 2023-2024 Copyright: Central University Libraries. All Rights Reserved | Created by: Mahone Tech Office